000 00840cam a2200229 a 4500
001 615569
005 20231127050645.0
008 920720s1994 nyuab b 001 0 eng
020 _a0195077717 (cloth : acidfree paper) :
020 _a0195077741 (pbk. : acidfree paper) :
040 _aDLC
_cDLC
_dDLC
082 0 0 _a392
_220
245 0 0 _aSati, the blessing and the curse :
_bthe burning of wives in India /
_cedited by John Stratton Hawley.
260 _aNew York :
_bOxford University Press,
_c1994.
300 _axii, 214 p. :
500 _a"A project of the Southern Asian Institute, Columbia University".
650 0 _aSati.
700 1 _aHawley, John Stratton,
_eedt
856 4 2 _uhttp://www.loc.gov/catdir/enhancements/fy0603/92023468-d.html
856 4 2 _uhttp://www.loc.gov/catdir/enhancements/fy0725/92023468-b.html
942 _cL
999 _c85
_d85